Szczegóły MARC21

Finanse w polityce makroekonomicznej państwa /

003 -Nazwa inst., której nr kontr. jest w polu 001 [,]
    • @
    • Nazwa instytucji, której n kontrolny jest w polu 001
    • NUKAT
005 -DATA I CZAS OSTATNIEJ MODYFIKACJI [,]
    • @
    • pole kontrolne
    • 20241231103206.0
020 -Międzynarod. znormalizowany nr książki - ISBN [ , ]
    • a
    • Numer ISBN
    • 9788372526885 Find
040 -Instytucja sporządzająca opis [ , ]
    • a
    • Instytucja, która sporządziła opis (NP)
    • KR 7/AK
    • c
    • Instytucja, która sporządziła rekord (NP)
    • KR 7/AK
    • d
    • Instytucja, która zmodyfikowała rekord (P)
    • KR 7/BZ
    • d
    • Instytucja, która zmodyfikowała rekord (P)
    • POZN U/HAs
    • d
    • Instytucja, która zmodyfikowała rekord (P)
    • KR 7/BZ
942 -Rodzaj dokumentu [ , ]
    • c
    • Rodzaj dokumentu
    • Książka
245 -Strefa tytułu i oznaczenia odpowiedzialności [0,0]
    • a
    • Tytuł
    • Finanse w polityce makroekonomicznej państwa / Find
    • c
    • Pozostałe elementy strefy tytułu i oznaczenia odpowiedzialności (NP)
    • pod red. Stanisława Owsiaka.
260 -Strefa adresu wydawniczego [ , ]
    • a
    • Miejsce wydania (P)
    • Kraków :
    • b
    • Nazwa wydawcy (P)
    • Wydawnictwo Uniwersytetu Ekonomicznego,
    • c
    • Data wydania (P)
    • 2014.
300 -Strefa opisu fizycznego [ , ]
    • a
    • Określenie formy książki i/lub objętość (NP)
    • 348 s. :
    • b
    • Oznaczenie ilustracji (NP)
    • il. ;
    • c
    • Format (NP)
    • 24 cm.
336 -Typ zawartości [ , ]
    • a
    • Termin opisujący typ zawartości
    • Tekst
    • b
    • Kod określający zawartość
    • txt
    • 2
    • Źródło (terminu i kodu)
    • rdacontent
337 -Typ mediów [ , ]
    • a
    • Tryb odtwarzania
    • Bez urządzenia pośredniczącego
    • b
    • Kod typu mediów
    • n
    • 2
    • Źródło (terminu i kodu)
    • rdamedia
338 -Typ/rodzaj nośnika [ , ]
    • a
    • Hasło opisujące typ nośnika
    • Wolumin
    • b
    • Kod typu nośnika
    • nc
    • 2
    • Źródło (terminu i kodu)
    • rdacarrier
500 -Uwaga ogólna [ , ]
    • a
    • Uwaga ogólna (NP)
    • Monografia stanowi część dorobku naukowego Ogólnopolskiej Konferencji Katedr Finansów nt. : "Nauka finansów dla rozwoju gospodarczego i społecznego", Krynica 2014.
504 -Uwaga dot. bibliogr. załącznikowej [ , ]
    • a
    • Uwaga dot. bibliografii załącznikowej
    • Bibliogr. przy rozdz.
530 -Uwaga dot. innej postaci fizycznej dokumentu [ , ]
    • a
    • Uwaga dot. innej postaci fizycznej dokumentu
    • Książka dostępna również w formie elektronicznej.
650 -Hasło przedmiotowe [ ,7]
    • a
    • Hasło przedmiotowe
    • Finanse publiczne
    • z
    • Określnik geograficzny
    • Kraje Unii Europejskiej
    • y
    • Określnik chronologiczny
    • 1990-
    • v
    • Określnik formalny
    • konferencje.
    • 2
    • Źródło terminu
    • kaba
    • 9
    • KHW
    • 387884
650 -Hasło przedmiotowe [ ,7]
    • a
    • Hasło przedmiotowe
    • Podatek
    • z
    • Określnik geograficzny
    • Kraje Unii Europejskiej
    • y
    • Określnik chronologiczny
    • 1990-
    • v
    • Określnik formalny
    • konferencje.
    • 2
    • Źródło terminu
    • kaba
    • 9
    • KHW
    • 377116
650 -Hasło przedmiotowe [ ,7]
    • a
    • Hasło przedmiotowe
    • Rozwój gospodarczy
    • y
    • Określnik chronologiczny
    • 1990-
    • v
    • Określnik formalny
    • konferencje.
    • 2
    • Źródło terminu
    • kaba
    • 9
    • KHW
    • 382797
650 -Hasło przedmiotowe [ ,7]
    • a
    • Hasło przedmiotowe
    • Polityka gospodarcza
    • y
    • Określnik chronologiczny
    • 1990-
    • v
    • Określnik formalny
    • konferencje.
    • 2
    • Źródło terminu
    • kaba
    • 9
    • KHW
    • 370772
650 -Hasło przedmiotowe [ ,7]
    • a
    • Hasło przedmiotowe
    • Polityka podatkowa
    • z
    • Określnik geograficzny
    • Kraje Unii Europejskiej
    • y
    • Określnik chronologiczny
    • 1990-
    • v
    • Określnik formalny
    • konferencje.
    • 2
    • Źródło terminu
    • kaba
    • 9
    • KHW
    • 409809
651 -Hasło przedmiotowe w formie nazwy geograficznej [ ,7]
    • a
    • Nazwa geograficzna
    • Kraje Unii Europejskiej
    • x
    • Określnik rzeczowy
    • sytuacja gospodarcza
    • y
    • Określnik chronologiczny
    • 1990-
    • v
    • Określnik formalny
    • konferencje.
    • 2
    • Źródło terminu
    • kaba
    • 9
    • KHW
    • 380624
700 -Hasło dodatkowe - nazwa osobowa [1, ]
    • a
    • Nazwa osobowa (NP)
    • Owsiak, Stanisław Find
    • d
    • Daty biograficzne (NP)
    • (1946- ).
    • e
    • Określenie rodzaju współpracy
    • Red.
    • 9
    • KHW
    • 45199
710 -Hasło dodatkowe - nazwa ciała zbiorowego [2, ]
    • a
    • Nazwa ciała zbiorowego lub nazwa geograficzna jako pierwszy element (NP)
    • Uniwersytet Ekonomiczny (Kraków).
    • b
    • Nazwa jednostki podrzędnej (P)
    • Wydawnictwo.
    • 4
    • Kod relacji
    • pbl
    • 9
    • KHW
    • 59892
856 -Dostęp do wersji elektronicznej [4,1]
920 -ISBN [ , ]
    • a
    • ISBN
    • 978-83-7252-688-5 Find
Sygnatura Numer inwentarzowy Status udost. Lokalizacja Data inwentaryzacji
T.19474T.19474-2T2017-03-23
TM.15180TM.15180-2T2021-02-22